History Quiz

Random History or Decade Quiz

American History: 1960s Quiz Stats

Quiz Updated Sep 2, 2015

Challenge
Share
Tweet
Embed
Score 0/22 Timer 07:00
3 Plays Today
Hint Answer % Correct
Landmark festival featuring an electric guitar performance of 'The Star Spangled Banner' by Jimi Hendrix Woodstock Music and Art Fair
97.4%
This 'Fab Four' reaches America in 1964The Beatles
92.4%
This SCLC and civil rights leader is assassinatedMartin Luther King Jr.
89.6%
Harper Lee's novel of racial discrimination in Alabama seen through a child's eyesTo Kill a Mockingbird
89.5%
Military action figure which was marketed to boys as an alternative to dolls such as 'Barbie'G.I. Joe
89.4%
Americans sigh in relief when the USSR promises to dismantle missiles stocked in this nearby nationCuba
87.7%
This famous pop artist emerges on the scene with paintings of Campbell's Soup Cans and Marilyn MonroeAndy Warhol
85.8%
Producers of this commodity are required to feature surgeon general warningsTobacco
82.2%
The spaceflight that lands Armstrong, the first man to step on the moonApollo 11
80.3%
Herbicide used against Vietnam by USA during Operation Ranch HandAgent Orange
78%
This military faction fights the US in South VietnamViet Cong
73.2%
Hint Answer % Correct
The peak of the 1967 hippie movement at Haight-Ashbury, San Francisco, was known as 'The Summer of ____'Love
72.9%
Supreme Court case that helps to establish the 'right to remain silent'Miranda v. Arizona
71.8%
This basketball legend scores 100 points in one NBA gameWilt Chamberlain
71.7%
The first American to orbit EarthJohn Herschel Glenn, Jr.
62.7%
The Chicano Movement gathers momentum, seeking civil rights for Americans of descent from this countryMexico
60.1%
Term for Lyndon Johnson's domestic programs: 'The _____ Society'Great
55.9%
“Freedom Summer” was launched in this state in 1964 with the goal of registering as many black voters as possibleMississippi
54.8%
This Act was passed, banning discrimination based on traits such as sex, race, or religionCivil Rights Act of 1964
41%
Rachel Carson's environmental book denouncing the use of DDTSilent Spring
38.5%
Betty Friedan's best-selling book declaring women's dissatisfaction as housewivesThe Feminine Mystique
29.1%
The congress-approved resolution that allows President Johnson to deploy armed forces without a declaration of warGulf of Tonkin Resolution
26.1%

You're not logged in!

Compare scores with friends on all Sporcle quizzes.
Join for Free
OR
Log In

You Might Also Like...

Show Comments

Extras

Top Quizzes Today


Score Distribution

Your Account Isn't Verified!

In order to create a playlist on Sporcle, you need to verify the email address you used during registration. Go to your Sporcle Settings to finish the process.

Report this User

Report this user for behavior that violates our Community Guidelines.

Details: